Indian Summer : Lutyens Baker And Imperial Delhi (Record no. 18014)

MARC details
000 -LEADER
fixed length control field 00468nam a2200169Ia 4500
008 - FIXED-LENGTH DATA ELEMENTS--GENERAL INFORMATION
fixed length control field 220803s9999 xx 000 0 und d
020 ## - INTERNATIONAL STANDARD BOOK NUMBER
International Standard Book Number 0-300-03128-7
041 ## - LANGUAGE CODE
Language code of text/sound track or separate title eng
082 ## - DEWEY DECIMAL CLASSIFICATION NUMBER
Classification number 720.954 IRV
100 ## - MAIN ENTRY--PERSONAL NAME
Personal name Irving R G
9 (RLIN) 28460
245 ## - TITLE STATEMENT
Title Indian Summer : Lutyens Baker And Imperial Delhi
260 ## - PUBLICATION, DISTRIBUTION, ETC. (IMPRINT)
Place of publication, distribution, etc. London
Name of publisher, distributor, etc. Yale University Press--
Date of publication, distribution, etc. 1981
300 ## - PHYSICAL DESCRIPTION
Extent 406p
500 ## - GENERAL NOTE
Keywords Architecture
650 ## - SUBJECT ADDED ENTRY--TOPICAL TERM
Topical term or geographic name as entry element Architectural History
9 (RLIN) 28461
700 ## - ADDED ENTRY--PERSONAL NAME
Personal name Irving R G
9 (RLIN) 28460
Holdings
Withdrawn status Lost status Damaged status Not for loan Home library Current library Shelving location Date acquired Total Checkouts Full call number Barcode Date last seen Bill Date Koha item type Original Barcode
        Dr. Bhanuben Nanavati College of Architecture Dr. Bhanuben Nanavati College of Architecture   30/05/2011   720.954 IRV BNCA-DB-535 03/08/2022 03/08/2022 Donated Book DB000535